|
|
|
|
| LEADER |
00607cam a2200169 7i4500 |
| 001 |
0000005158 |
| 005 |
20160316090000.0 |
| 020 |
|
|
|a 0766814157
|
| 090 |
0 |
0 |
|a TX911.3.C8
|b F67 2000
|
| 100 |
1 |
|
|a Ford, Robert C
|
| 245 |
1 |
0 |
|a Managing the guest experience in hospitality
|c Robert C. Ford, Cherrill P. Heaton.
|
| 260 |
|
|
|a Albany:
|b Delmar/Thomson Learning,
|c 2000.
|
| 300 |
|
|
|a xxiv, 432 p.:
|b ill.;
|c 24 cm.
|
| 504 |
|
|
|a Includes bibliographical references and index
|
| 650 |
0 |
0 |
|a Hospitality industry --
|x Customer services
|
| 700 |
1 |
|
|a Heaton, Cherrill P
|
| 999 |
|
|
|a 0000006869
|b BOK
|c OPEN SHELF
|e 2nd Floor, Shah Alam
|